Janusz Korczak, a pedagógus, 1878-1942

Elmentve itt :
Bibliográfiai részletek
Szerzők: Szabó Pál
Vértes László
Dokumentumtípus: Cikk
Megjelent: 1994
Sorozat:Iskolakultúra 4 No. 20
Kulcsszavak:Janusz Korczak, Pedagógia - lengyel - 1907-1942 - életrajz
Online Access:http://misc.bibl.u-szeged.hu/44427
LEADER 00664nab a2200193 i 4500
001 misc44427
005 20191106141157.0
008 180926s1994 hu o 0|| zxx d
022 |a 1215-5233 
040 |a SZTE Miscellanea Repozitórium  |b hun 
041 |a zxx 
100 1 |a Szabó Pál 
245 1 0 |a Janusz Korczak, a pedagógus, 1878-1942  |h [elektronikus dokumentum] /  |c  Szabó Pál 
260 |c 1994 
300 |a 46-48 
490 0 |a Iskolakultúra  |v 4 No. 20 
695 |a Janusz Korczak, Pedagógia - lengyel - 1907-1942 - életrajz 
700 0 1 |a Vértes László  |e aut 
856 4 0 |u http://misc.bibl.u-szeged.hu/44427/1/iskolakultura_1994_020_046-048.pdf  |z Dokumentum-elérés